000 00855cam a2200301Ka 4500
001 85818
005 20230410142317.0
008 931028s1990 nyu f 000 0 eng d
035 _a(OCoLC)ocm29213398
040 _aKPR
_cKPR
020 _z0805240683
035 _a(OCoLC)29213398
049 _aGRAL
050 1 4 _aBM 723
_bH758f 1990
082 0 0 _a296.7/4
100 1 _aHoltz, Barry W.
245 1 0 _aFinding our way :
_bJewish texts and the lives we lead today /
_cBarry W. Holtz.
260 _aNew York :
_bSchocken Books,
_cc1990.
300 _axiii, 257 p. ;
_c24 cm.
504 _aIncludes bibliographical references (p. 235-246) and index.
650 0 _aJewish way of life.
650 0 _aJudaism
_y20th century.
650 0 _aTradition (Judaism)
650 4 _aJudaĆ­smo.
942 _2lcc
_cbk
994 _aC0
_bDRFGD
946 _akk
999 _c93281
_d93281